Renewable heat incentive (Record no. 114994)
[ view plain ]
| 000 -LEADER | |
|---|---|
| fixed length control field | 00955cad a22001935a 4500 |
| 001 - CONTROL NUMBER | |
| control field | L157840 |
| 008 - FIXED-LENGTH DATA ELEMENTS--GENERAL INFORMATION | |
| fixed length control field | 130531s2013 xxk f 000 0 eng d |
| 035 ## - SYSTEM CONTROL NUMBER | |
| System control number | (Sirsi) u157840 |
| 041 0# - LANGUAGE CODE | |
| Language code of text/sound track or separate title | eng |
| 110 2# - MAIN ENTRY--CORPORATE NAME | |
| Corporate name or jurisdiction name as entry element | United Kingdom |
| Subordinate unit | Department of Energy and Climate Change |
| 9 (RLIN) | 5850 |
| 245 00 - TITLE STATEMENT | |
| Title | Renewable heat incentive |
| Remainder of title | Non domestic scheme early tariff review |
| Medium | [electronic resource] |
| 260 ## - PUBLICATION, DISTRIBUTION, ETC. | |
| Place of publication, distribution, etc. | London |
| Name of publisher, distributor, etc. | DECC |
| Date of publication, distribution, etc. | 2013 |
| 520 ## - SUMMARY, ETC. | |
| Summary, etc. | DECC is consulting on increasing the tariff levels for heat generated by ground source heat pumps, large biomass and solar thermal kit accredited under the Governments Renewable Heat Incentive scheme. The consultation will close on 28 June 2013. |
| 590 ## - LOCAL NOTE (RLIN) | |
| Local note | KA |
| 651 #4 - SUBJECT ADDED ENTRY--GEOGRAPHIC NAME | |
| Geographic name | United Kingdom |
| 690 ## - LOCAL SUBJECT ADDED ENTRY--TOPICAL TERM (OCLC, RLIN) | |
| Topical term or geographic name as entry element | Energy |
| 9 (RLIN) | 6237 |
| 856 40 - ELECTRONIC LOCATION AND ACCESS | |
| Uniform Resource Identifier | <a href="https://www.gov.uk/government/uploads/system/uploads/attachment_data/file/204271/Tariff_Review_Consultation_for_PUBLICATION.pdf">https://www.gov.uk/government/uploads/system/uploads/attachment_data/file/204271/Tariff_Review_Consultation_for_PUBLICATION.pdf</a> |
| Public note | View the consultation free of charge at www.gov.uk |
| 942 ## - ADDED ENTRY ELEMENTS (KOHA) | |
| Suppress in OPAC | 0 |
| Withdrawn status | Lost status | Source of classification or shelving scheme | Damaged status | Not for loan | Home library | Current library | Shelving location | Date acquired | Total Checkouts | Full call number | Barcode | Date last seen | Copy number | Price effective from | Koha item type |
|---|---|---|---|---|---|---|---|---|---|---|---|---|---|---|---|
| Dewey Decimal Classification | Virtual | Virtual | Online | 31/05/2013 | ONLINE PUBLICATION | 157840-2001 | 06/08/2019 | 1 | 06/08/2019 | Book |